000 00692nam a22002297a 4500
003 UA-OsUOA
001 22240
007 ta
008 20031217b un ||||| |||| 00| 0 ukr d
100 _aНикитин О.В.
090 _a82
_bН62
942 _cSA
040 _aUA-OsUOA
_brus
_cUA-OsUOA
_dUA-OsUOA
245 _aЯзык указов Екатерины ІІ 1762 г. и формирование официально-делового стиля в России ХХІІІ В.
300 _aС.93-100
955 _a0
041 _arus
080 _a82
044 _aUA
773 0 _w0
_tФилологические науки
_dМ.
_d2003
_g№6
650 7 _aЛітература
_2UDC
999 _c308456
_d308456